| 000 | 00752nam a2200253Ia 4500 | ||
|---|---|---|---|
| 003 | OSt | ||
| 005 | 20220918213339.0 | ||
| 006 | a|||||r|||| 00| 0 | ||
| 007 | ta | ||
| 008 | 220917b |||||||| |||| 00| 0 eng d | ||
| 024 | _a132,266 | ||
| 037 | _cTextual | ||
| 040 |
_aARTS _cARTS _beng |
||
| 041 |
_2eng _aeng |
||
| 082 | _aX:54.6.M9, L0 | ||
| 100 |
_aGray Richard Ed _913820 |
||
| 245 | 0 |
_aPre-colonial African trade _b Essays on trade in central and Eastern Africa before 1900 |
|
| 260 |
_aLondon _bOxford University Press _c1970 |
||
| 300 |
_a291p. _ccm. |
||
| 650 | _aECONOMICS | ||
| 700 |
_a Birmingham David _917118 |
||
| 942 |
_hX:54.6.M9, L0 _cTEXL _2CC |
||
| 999 |
_c255387 _d255387 |
||